Countries by former flag - Statistics

General Stats
  • This quiz has been taken 376 times
  • The average score is 3 of 12
Answer Stats
Picture Answer % Correct
Lesotho
78%
Ghana
51%
El Salvador
25%
Iraq
20%
Bolivia
17%
Sudan
16%
Saint Kitts and Nevis
15%
Grenada
13%
Andorra
10%
Seychelles
8%
Afghanistan
6%
Guatemala
6%
No matching quizzes found
Score Distribution
Percent of People with Each Score
Percentile by Number Answered
Your Score History
You have not taken this quiz